| 000 | 01625cam a22004214i 4500 | ||
|---|---|---|---|
| 003 | PE-LiUPU | ||
| 005 | 20250731172731.0 | ||
| 008 | 150617s r 000 0 d | ||
| 035 | _a(Sirsi) a11489 | ||
| 040 |
_aPE-LiUPU _bspa _cPE-LiUPU _erda |
||
| 049 | _aPRUA | ||
| 082 | 0 | 4 |
_a231.6 _bK97s _223 |
| 100 | 1 |
_aKuyvenhoven, Andrés, _eautor. |
|
| 245 | 1 | 0 |
_aSocios de Dios : _bUn estudio del pacto / _cAndrés Kuyvenhoven. |
| 264 | 1 |
_aMichigan : _bSubcomisión Literatura Cristiana de la Iglesia Cristiana Reformada, _c1979. |
|
| 300 |
_a156 páginas ; _c20 cm. |
||
| 336 |
_atext _2rdacontent |
||
| 337 |
_aunmediated _2rdamedia |
||
| 338 |
_avolume _2rdacarrier |
||
| 505 | 0 | _aLos comienzos -- El pacto de gracia -- Viviendo con Dios -- Un pacto, dos dispensaciones -- El pacto queda sellado -- Perdón total -- Carta de Cristo -- La era del Espíritu -- La madurez del nuevo pacto -- La ley y el espíritu -- La ley y el amor -- La voluntad de Dios y el nuevo pacto -- La comunidad del pacto -- La familia del pacto -- El pacto y la educación -- El pacto y el mundo. | |
| 526 | _aSEG42 | ||
| 526 | _aSEG41 | ||
| 526 | _aSEG40 | ||
| 526 | _aSEG39 | ||
| 526 | _aP94 | ||
| 526 | _aP87 | ||
| 526 | _aP86 | ||
| 526 | _aP85 | ||
| 526 | _aP77 | ||
| 526 | _aP76 | ||
| 526 | _aP35 | ||
| 650 | 1 | 4 |
_aPacto _xAspectos religiosos _xCristianismo. _93774 |
| 910 | _ajck | ||
| 942 |
_2ddc _cBK |
||
| 949 |
_a231.6 K99 _wDEWEY _c1 _i21016 _lCCODEBUL1 _mBUL _p00.00 _r0 _sY _tBOOK _u19821020 _xTEOLOGIA _0COMPRA _o.STAFF. Colección General |
||
| 999 |
_c1644 _d1644 |
||
| 980 |
_81 _gALBERTO SANCHEZ Responsable de Automatización |
||